[Event "III Open"]
[Site "Teramo ITA"]
[Date "1999.04.??"]
[Round "5"]
[White "Rogulj, Branko"]
[Black "Ferretti, Folco"]
[Result "1-0"]
[WhiteElo "2430"]
[BlackElo "2280"]
[PlyCount "81"]
[EventDate "1999.04.22"]

1. e4 c6 2. d4 d5 3. exd5 cxd5 4. c4 Nf6 5. Nc3 e6 6. Nf3 Bb4 7. cxd5 Nxd5 8.
Bd2 Nc6 9. Bd3 O-O 10. O-O Be7 11. Be4 Bf6 12. Be3 Nxe3 13. fxe3 Ne7 14. Nd2
Nd5 15. Qh5 g6 16. Qf3 Nxe3 17. Qxf6 Nxf1 18. Rxf1 Qxf6 19. Rxf6 Bd7 20. Nc4
Bc6 21. Bxc6 bxc6 22. Ne5 Kg7 23. Ne4 Rac8 24. Kf2 Rc7 25. Ke3 Rb8 26. Rf2 h6
27. Nc5 Re8 28. b4 f6 29. Ned7 f5 30. Kd3 Kf7 31. Ne5+ Kf6 32. Kc4 g5 33. Rf3
Kg7 34. Ra3 Kf6 35. Ra6 Rec8 36. Kd3 g4 37. b5 cxb5 38. Rxe6+ Kg7 39. Ra6 Kh7
40. Ke3 Re7 41. Kf4 1-0

[Event "III Open"]
[Site "Teramo ITA"]
[Date "1999.04.??"]
[Round "6"]
[White "Contin, Daniel"]
[Black "Ciolac, Gheorghe"]
[Result "1-0"]
[WhiteElo "2372"]
[BlackElo "2389"]
[PlyCount "63"]
[EventDate "1999.04.22"]

1. c4 e6 2. Nf3 Nf6 3. g3 d5 4. b3 Be7 5. Bg2 c5 6. O-O Nc6 7. e3 O-O 8. Qe2 e5
9. cxd5 Nxd5 10. d3 Bg4 11. h3 Bh5 12. Bb2 f5 13. Nc3 Ndb4 14. Rfd1 Bf6 15. a3
Na6 16. Rdc1 Kh8 17. Qc2 Rc8 18. Nd2 Bf7 19. Nc4 Qd7 20. Qe2 Nc7 21. Na4 Na6
22. Nc3 Nc7 23. g4 b5 24. Nd2 g6 25. b4 e4 26. Ndxe4 fxe4 27. Nxe4 Nd4 28. exd4
Bxd4 29. Nxc5 Qd6 30. Ne4 Qd8 31. Rc6 Ne6 32. Rd6 1-0

[Event "III Open"]
[Site "Teramo ITA"]
[Date "1999.04.??"]
[Round "6"]
[White "Di Gianni, Rocco"]
[Black "Pipitone, Antonio"]
[Result "0-1"]
[WhiteElo "2185"]
[BlackElo "2057"]
[PlyCount "70"]
[EventDate "1999.04.22"]

1. e4 c5 2. Nc3 Nc6 3. f4 d6 4. Nf3 e6 5. Bc4 Nf6 6. Qe2 Be7 7. O-O a6 8. a4 d5
9. Ba2 Nd4 10. Qd3 dxe4 11. Nxe4 Nxf3+ 12. Qxf3 Qd4+ 13. Nf2 O-O 14. d3 Qxa4
15. Bd2 Qd7 16. Rae1 Rb8 17. Bc3 b5 18. Be5 Bb7 19. Qh3 Rbc8 20. c3 Nd5 21. c4
Nb4 22. Bb1 f6 23. Bc3 f5 24. Qe3 Rc6 25. g4 Bf6 26. g5 Bd4 27. Qd2 Rd6 28.
Bxd4 Rxd4 29. Qe3 Re8 30. cxb5 axb5 31. Rc1 Qd5 32. Qh3 Rxf4 33. Ne4 Rg4+ 34.
Qxg4 fxg4 35. Rxc5 Qd4+ 0-1

[Event "III Open"]
[Site "Teramo ITA"]
[Date "1999.04.??"]
[Round "6"]
[White "Tomescu, Vlad"]
[Black "Ferretti, Folco"]
[Result "1-0"]
[WhiteElo "2436"]
[BlackElo "2280"]
[PlyCount "67"]
[EventDate "1999.04.22"]

1. e4 Nf6 2. Nc3 d5 3. e5 d4 4. Nce2 Ne4 5. d3 Nc5 6. f4 Nc6 7. Nf3 Bg4 8. Ng3
g5 9. fxg5 Nxe5 10. Be2 Qd5 11. O-O Nxf3+ 12. Bxf3 Bxf3 13. Rxf3 e5 14. Qf1 Bd6
15. Bd2 Rf8 16. b4 Nd7 17. Ne4 O-O-O 18. Rh3 Rh8 19. Qf5 Qe6 20. Qxe6 fxe6 21.
Rf1 Rdf8 22. Nf6 Rf7 23. Nxd7 Rxf1+ 24. Kxf1 Kxd7 25. Ke2 Ke7 26. g6 Kf6 27.
gxh7 Kg7 28. Kf3 Rf8+ 29. Ke4 Kh8 30. Rf3 Rxf3 31. Kxf3 Kxh7 32. b5 a6 33. bxa6
bxa6 34. g4 1-0

[Event "III Open"]
[Site "Teramo ITA"]
[Date "1999.04.??"]
[Round "6"]
[White "Voiska, Margarita"]
[Black "De Santis, Alessio"]
[Result "1-0"]
[WhiteElo "2364"]
[BlackElo "2356"]
[PlyCount "59"]
[EventDate "1999.04.22"]

1. d4 d5 2. c4 Nc6 3. cxd5 Qxd5 4. e3 e5 5. Nc3 Bb4 6. Bd2 Bxc3 7. bxc3 Qd6 8.
Bd3 Nf6 9. f3 Be6 10. Ne2 O-O-O 11. O-O Kb8 12. Qa4 Bd7 13. Qc2 h6 14. Rab1 g5
15. Be1 Rhe8 16. e4 g4 17. f4 exf4 18. e5 Nxe5 19. dxe5 Qxe5 20. Nxf4 Bc6 21.
Bh4 Ne4 22. Bxd8 Rxd8 23. Bxe4 Bxe4 24. Rbd1 Re8 25. Qd2 b6 26. Qd4 Qb5 27. c4
Qa4 28. Rfe1 g3 29. hxg3 b5 30. cxb5 1-0

[Event "III Open"]
[Site "Teramo ITA"]
[Date "1999.04.??"]
[Round "7"]
[White "Ferretti, Folco"]
[Black "Gardon, Ermanno"]
[Result "0-1"]
[WhiteElo "2280"]
[BlackElo "2106"]
[PlyCount "88"]
[EventDate "1999.04.22"]

1. e4 e6 2. d4 c5 3. c3 d5 4. exd5 exd5 5. Nf3 Nc6 6. Bb5 Bd6 7. dxc5 Bxc5 8.
O-O Nge7 9. Nbd2 O-O 10. Nb3 Bb6 11. Re1 Nf5 12. Bd3 Nd6 13. Bg5 f6 14. Bf4 Bg4
15. Qc2 Bxf3 16. Bxh7+ Kh8 17. gxf3 f5 18. Re6 Ne4 19. fxe4 fxe4 20. Bg3 Kxh7
21. c4 Qg5 22. Kh1 Nb4 23. Qe2 Nd3 24. Rg1 Bxf2 25. Bxf2 Rxf2 26. Qxd3 exd3 27.
Rxg5 dxc4 28. Nd4 d2 29. Rg1 Rd8 30. Re4 b5 31. Rd1 b4 32. Kg1 Rdf8 33. Ne6
Rf1+ 34. Rxf1 Rxf1+ 35. Kxf1 d1=Q+ 36. Kf2 Qc2+ 37. Kf3 Qxb2 38. Kg4 Qg2+ 39.
Kf5 Qf3+ 40. Ke5 Qf6+ 41. Kd5 b3 42. axb3 cxb3 43. Rb4 b2 44. Nd4 Qf7+ 0-1

[Event "III Open"]
[Site "Teramo ITA"]
[Date "1999.04.??"]
[Round "7"]
[White "Luciani, Valerio"]
[Black "Pipitone, Antonio"]
[Result "1-0"]
[WhiteElo "2238"]
[BlackElo "2057"]
[PlyCount "73"]
[EventDate "1999.04.22"]

1. e4 c5 2. Nc3 Nc6 3. g3 Nf6 4. Bg2 e6 5. Nge2 d5 6. exd5 exd5 7. d4 cxd4 8.
Nxd4 Be7 9. O-O O-O 10. h3 a6 11. Nb3 Be6 12. Be3 Rc8 13. Ne2 Re8 14. c3 Qd7
15. Kh2 Ne5 16. Bd4 Nc4 17. Qc1 Ne4 18. Ng1 Bg5 19. f4 Bd8 20. Nf3 f6 21. Nbd2
Bf5 22. Nxc4 Rxc4 23. Nh4 Rc6 24. Nxf5 Qxf5 25. Qc2 Nxg3 26. Qxf5 Nxf5 27.
Bxd5+ Kf8 28. Bxc6 bxc6 29. Rfe1 Be7 30. Rad1 Rb8 31. b3 Bd6 32. Kg2 Bxf4 33.
Re6 Rc8 34. Kf3 Be5 35. Bxe5 Kf7 36. Red6 fxe5 37. Rd8 1-0

[Event "III Open"]
[Site "Teramo ITA"]
[Date "1999.04.??"]
[Round "7"]
[White "Petruccioli, Antonio"]
[Black "Foglia, Maurizio"]
[Result "1-0"]
[WhiteElo "2013"]
[BlackElo "2080"]
[PlyCount "63"]
[EventDate "1999.04.22"]

1. e4 Nf6 2. e5 Nd5 3. c4 Nb6 4. c5 Nd5 5. Nc3 e6 6. d4 d6 7. cxd6 cxd6 8. Nf3
Nc6 9. Bb5 Qa5 10. Qa4 Qxa4 11. Bxa4 Nxc3 12. bxc3 Bd7 13. exd6 Bxd6 14. Rb1
O-O-O 15. Ng5 Be8 16. Bxc6 bxc6 17. Ne4 Be7 18. Bf4 Rd5 19. Rb8+ Kd7 20. Rb7+
Kd8 21. Rxa7 f6 22. O-O Rb5 23. a4 Rb2 24. c4 g5 25. Bc7+ Kc8 26. Ba5 Rb7 27.
Rxb7 Kxb7 28. Rb1+ Ka6 29. Bc7 Bg6 30. Rb6+ Ka7 31. Rxc6 Kb7 32. Rxe6 1-0

[Event "III Open"]
[Site "Teramo ITA"]
[Date "1999.04.??"]
[Round "7"]
[White "Rogulj, Branko"]
[Black "Tomescu, Vlad"]
[Result "1/2-1/2"]
[WhiteElo "2430"]
[BlackElo "2436"]
[PlyCount "113"]
[EventDate "1999.04.22"]

1. e4 c5 2. Nc3 Nc6 3. g3 g6 4. Bg2 Bg7 5. d3 e6 6. Be3 d6 7. f4 Nge7 8. Nf3
Nd4 9. O-O O-O 10. e5 Nef5 11. Bf2 Nxf3+ 12. Qxf3 Nd4 13. Qd1 d5 14. b4 cxb4
15. Nxd5 Nb5 16. Ne3 Re8 17. Qd2 Bf8 18. Ng4 Be7 19. d4 a5 20. h4 h5 21. Nh2
Rb8 22. g4 hxg4 23. Nxg4 b6 24. Qd3 Nc3 25. h5 Kg7 26. hxg6 fxg6 27. Nf6 Bxf6
28. exf6+ Qxf6 29. Rfe1 Qf5 30. Qc4 Bb7 31. d5 Bxd5 32. Bd4+ Kg8 33. Qc7 Rb7
34. Qe5 Qxe5 35. Bxe5 Rd7 36. Bf1 Rh7 37. a3 Rh1+ 38. Kf2 Ne4+ 39. Ke3 bxa3 40.
c4 Ba8 41. Bg2 Rxe1+ 42. Rxe1 Ng3 43. Bh3 Nf5+ 44. Kd3 Rd8+ 45. Kc3 Kf7 46.
Bxf5 gxf5 47. Bc7 Rh8 48. Bxb6 Rh3+ 49. Kd4 Be4 50. Ra1 Rb3 51. Bc5 Rd3+ 52.
Ke5 Bd5 53. Rxa3 Rxa3 54. Bxa3 Bxc4 55. Kd4 Ba2 56. Bd6 Ke8 57. Kc3 1/2-1/2

[Event "III Open"]
[Site "Teramo ITA"]
[Date "1999.04.??"]
[Round "7"]
[White "Voiska, Margarita"]
[Black "Mrdja, Milan"]
[Result "1-0"]
[WhiteElo "2364"]
[BlackElo "2410"]
[PlyCount "69"]
[EventDate "1999.04.22"]

1. d4 Nf6 2. Nf3 g6 3. g3 Bg7 4. Bg2 O-O 5. O-O d6 6. Re1 Nbd7 7. e4 e5 8. Nc3
c6 9. a4 a5 10. h3 Qb6 11. Be3 Qc7 12. Qd2 Re8 13. Rad1 Bf8 14. b3 b6 15. Nh2
Bb7 16. f4 Rad8 17. Ng4 Nh5 18. Qf2 f5 19. exf5 gxf5 20. Nh2 exd4 21. Bxd4 d5
22. Nf3 Nc5 23. Nh4 Bc8 24. Bf3 Ng7 25. Ne2 Qf7 26. Nc1 Nge6 27. Be3 Rd7 28.
Kh2 Kh8 29. Nd3 Nxd3 30. Rxd3 Nc5 31. Bd4+ Kg8 32. Rxe8 Qxe8 33. Re3 Qf7 34.
Qe2 Re7 35. Bh5 1-0

[Event "III Open"]
[Site "Teramo ITA"]
[Date "1999.04.??"]
[Round "7"]
[White "Zaja, Ivan"]
[Black "Zlochevskij, Alexander"]
[Result "0-1"]
[WhiteElo "2443"]
[BlackElo "2457"]
[PlyCount "64"]
[EventDate "1999.04.22"]

1. d4 e6 2. c4 Bb4+ 3. Nc3 f5 4. e4 fxe4 5. Qg4 Qe7 6. Qxe4 Nf6 7. Qc2 Nc6 8.
Be3 e5 9. dxe5 Nxe5 10. O-O-O O-O 11. Nf3 Nxf3 12. gxf3 b6 13. Bd3 Bxc3 14.
Qxc3 Bb7 15. Rhg1 Rf7 16. Rde1 Qd6 17. Qd4 Qxd4 18. Bxd4 Nh5 19. Be4 Bxe4 20.
fxe4 Re8 21. Rg4 Re6 22. Re2 Nf4 23. Re3 g6 24. f3 Rd6 25. Bc3 Rd3 26. Bd2 Rxe3
27. Bxe3 Nd3+ 28. Kc2 Ne5 29. Rg3 Rxf3 30. c5 Rxg3 31. hxg3 Kf7 32. Kc3 Ke6 0-1

[Event "Torneo Zonale femminile"]
[Site "Saint Vincent - Chatillon ITA"]
[Date "1999.05.19"]
[Round "1"]
[White "Bosboom-Lanchava, Tea"]
[Black "Milligan Scott, Helen"]
[Result "0-1"]
[WhiteElo "2261"]
[BlackElo "2054"]
[PlyCount "138"]
[EventDate "1999.05.19"]

1. d4 Nf6 2. c4 e6 3. Nc3 Bb4 4. Nf3 b6 5. g3 Bb7 6. Bg2 Bxc3+ 7. bxc3 d6 8.
O-O O-O 9. Re1 Nbd7 10. a4 a5 11. Ba3 Rb8 12. Bh3 Ne4 13. Nd2 Ng5 14. Bg2 f5
15. Bxb7 Rxb7 16. f4 Nf7 17. e4 Re8 18. exf5 exf5 19. Qf3 Rb8 20. Qd5 g6 21. c5
Nf6 22. Qc4 dxc5 23. Nf3 Qd5 24. Qxd5 Nxd5 25. c4 Nb4 26. Bxb4 cxb4 27. Ne5
Rbd8 28. Rad1 Nd6 29. c5 Ne4 30. cxb6 cxb6 31. Nc4 Nc3 32. Rxe8+ Rxe8 33. Rd3
Nxa4 34. d5 Nc5 35. Rd1 b3 36. d6 Rd8 37. Nxb6 a4 38. Nc4 Ne4 39. d7 Nc5 40.
Rd5 Nxd7 41. Ra5 Rb8 42. Nb2 Nb6 43. Kf2 Rc8 44. Nxa4 Nxa4 45. Rxa4 Rb8 46. Ra1
b2 47. Rb1 Kf7 48. Ke3 Ke6 49. Kd4 h6 50. Kc4 g5 51. h3 gxf4 52. gxf4 Kd6 53.
h4 Kc6 54. h5 Rb5 55. Kd4 Kd6 56. Kc4 Kc6 57. Kd4 Kb6 58. Kc4 Ka5 59. Kd4 Ka4
60. Kc4 Rb4+ 61. Kd5 Ka3 62. Ke5 Rb5+ 63. Kf6 Ka2 64. Rd1 b1=Q 65. Rxb1 Kxb1
66. Kg6 Kc2 67. Kxh6 Kd3 68. Kg5 Ke4 69. h6 Rb8 0-1

[Event "Torneo Zonale femminile"]
[Site "Saint Vincent - Chatillon ITA"]
[Date "1999.05.19"]
[Round "1"]
[White "Fittante, Giuliana"]
[Black "Garcia Vicente, Nieves"]
[Result "0-1"]
[WhiteElo "2059"]
[BlackElo "2263"]
[PlyCount "90"]
[EventDate "1999.05.19"]

1. d4 d5 2. Nf3 e6 3. Bg5 Nf6 4. e3 Be7 5. Bd3 b6 6. Nbd2 Bb7 7. c3 Nbd7 8. Qa4
h6 9. Bh4 O-O 10. Ne5 Nxe5 11. dxe5 Nd7 12. Bxe7 Qxe7 13. Qg4 Qg5 14. Qxg5 hxg5
15. f4 Rad8 16. h4 gxf4 17. exf4 Nc5 18. Bc2 d4 19. Nf3 dxc3 20. bxc3 Nd3+ 21.
Bxd3 Rxd3 22. Ke2 Rxc3 23. Rhd1 Rc2+ 24. Kf1 Bd5 25. a4 c5 26. Ra3 Rc4 27. f5
Bxf3 28. gxf3 exf5 29. Rd7 Re8 30. Rxa7 Rxe5 31. Rb7 Re6 32. h5 Rh4 33. a5 bxa5
34. Rxa5 Rxh5 35. Rxc5 g6 36. Rcc7 Rh7 37. Rc8+ Kg7 38. Rcc7 Kf6 39. Kf2 g5 40.
Ra7 f4 41. Kg2 Kg6 42. Rd7 Re2+ 43. Kf1 Rb2 44. Kg1 Rb1+ 45. Kg2 Rbh1 0-1

[Event "Torneo Zonale femminile"]
[Site "Saint Vincent - Chatillon ITA"]
[Date "1999.05.19"]
[Round "1"]
[White "Houska, Jovanka"]
[Black "Carvalho, Alda"]
[Result "1-0"]
[WhiteElo "2286"]
[BlackElo "2104"]
[PlyCount "115"]
[EventDate "1999.05.19"]

1. e4 d5 2. exd5 Nf6 3. Nf3 Bg4 4. Bb5+ Nbd7 5. d4 Nxd5 6. O-O c6 7. Be2 e6 8.
c4 N5f6 9. Bf4 Be7 10. Nc3 O-O 11. h3 Bh5 12. Qd2 Bg6 13. d5 exd5 14. cxd5 cxd5
15. Nxd5 Nxd5 16. Qxd5 Nc5 17. Rad1 Qxd5 18. Rxd5 Rfd8 19. Rfd1 Rxd5 20. Rxd5
Rd8 21. Rxd8+ Bxd8 22. Ne5 Bf5 23. b4 Nd7 24. Nc4 Be7 25. Nd6 Be6 26. a3 Bxd6
27. Bxd6 Bd5 28. f3 a6 29. Kf2 f5 30. b5 axb5 31. Bxb5 Nb6 32. Bc5 Nc4 33. Ke2
Kf7 34. Kd3 Ne5+ 35. Kd4 Ke6 36. Bf8 g6 37. Bg7 Nf7 38. Bd7+ Kxd7 39. Kxd5 Nd8
40. h4 Ne6 41. Bh6 Nd8 42. Be3 Ne6 43. Ke5 Nc7 44. h5 Ke7 45. hxg6 hxg6 46.
Bc5+ Kf7 47. a4 Ne6 48. Bb4 Nd8 49. Kd6 Ne6 50. Bd2 g5 51. Ke5 f4 52. Bb4 Nd8
53. Kf5 Ne6 54. a5 Nc7 55. Kxg5 Nd5 56. Bd2 Ne3 57. Kxf4 Nxg2+ 58. Kg3 1-0

[Event "Torneo Zonale femminile"]
[Site "Saint Vincent - Chatillon ITA"]
[Date "1999.05.19"]
[Round "1"]
[White "Jap Tjoen San, Linda"]
[Black "Agosto, Erika"]
[Result "1-0"]
[WhiteElo "2233"]
[BlackElo "2024"]
[PlyCount "57"]
[EventDate "1999.05.19"]

1. e4 e5 2. Nf3 Nc6 3. Bc4 Bc5 4. c3 Qe7 5. b4 Bb6 6. d3 d6 7. Bg5 Nf6 8. Nbd2
a6 9. Bh4 g5 10. Bg3 Be6 11. O-O h5 12. h4 Bg4 13. Qb3 Nh7 14. a4 a5 15. b5 Nd8
16. d4 exd4 17. e5 Ne6 18. exd6 cxd6 19. Rfe1 Kf8 20. Ne4 Rd8 21. Nexg5 Nhxg5
22. Nxg5 Qf6 23. Bxe6 Bxe6 24. Nxe6+ fxe6 25. Rxe6 Qf7 26. Rae1 Rh6 27. cxd4
Rg6 28. Qd5 Bxd4 29. Bxd6+ 1-0

[Event "Torneo Zonale femminile"]
[Site "Saint Vincent - Chatillon ITA"]
[Date "1999.05.19"]
[Round "1"]
[White "Lauterbach, Ingrid"]
[Black "Berend, Elvira S."]
[Result "1-0"]
[WhiteElo "2171"]
[BlackElo "2340"]
[PlyCount "105"]
[EventDate "1999.05.19"]

1. e4 c5 2. Nf3 d6 3. g3 Nc6 4. Bg2 g6 5. O-O Bg7 6. c3 e5 7. d3 Nf6 8. d4 cxd4
9. cxd4 Bg4 10. dxe5 dxe5 11. Qxd8+ Rxd8 12. Nc3 O-O 13. h3 Be6 14. Be3 Nd4 15.
Rfc1 Bxh3 16. Nxe5 Bxg2 17. Kxg2 Nxe4 18. Nxf7 Rxf7 19. Nxe4 Nf5 20. Bg5 Rdf8
21. Rc2 h6 22. Bf4 g5 23. Bd2 Re7 24. Nc3 b5 25. Re1 Rxe1 26. Bxe1 Nd4 27. Rc1
Re8 28. Kf1 a6 29. Nd5 Nf3 30. Bc3 g4 31. Ne3 h5 32. Bxg7 Kxg7 33. Rc7+ Kg6 34.
Rc6+ Kf7 35. Rxa6 Rc8 36. Rh6 Rc1+ 37. Ke2 Rb1 38. Nd1 Rc1 39. Rxh5 Ke6 40. Ne3
Rb1 41. Rh6+ Kd7 42. Nd1 Rc1 43. Rf6 Rc2+ 44. Ke3 Ne5 45. Ke4 Nc4 46. b3 Nd6+
47. Ke5 Rc5+ 48. Kd4 Rc2 49. Ne3 Rxa2 50. Nxg4 Rd2+ 51. Ke5 Re2+ 52. Ne3 Ne8
53. Rf7+ 1-0

[Event "Torneo Zonale femminile"]
[Site "Saint Vincent - Chatillon ITA"]
[Date "1999.05.19"]
[Round "1"]
[White "Regan, Natasha K."]
[Black "Nepeina Leconte, Maria"]
[Result "1/2-1/2"]
[WhiteElo "2151"]
[BlackElo "2315"]
[PlyCount "52"]
[EventDate "1999.05.19"]

1. e4 e6 2. d4 d5 3. Nc3 Bb4 4. e5 c5 5. Bd2 Ne7 6. f4 Nf5 7. Nf3 cxd4 8. Nb5
Bc5 9. b4 Bb6 10. Bd3 Bd7 11. a4 a6 12. Bxf5 axb5 13. a5 exf5 14. axb6 Nc6 15.
Rxa8 Qxa8 16. c3 Qa3 17. Nxd4 Nxd4 18. cxd4 O-O 19. O-O Rc8 20. Qf3 Qb2 21. Rd1
Rc2 22. Be1 h6 23. Rd3 Bc6 24. Rc3 Rc1 25. Rxc1 Qxc1 26. Qf2 Qa1 1/2-1/2

[Event "Torneo Zonale femminile"]
[Site "Saint Vincent - Chatillon ITA"]
[Date "1999.05.19"]
[Round "1"]
[White "Sebag, Marie"]
[Black "Nicoara Etchegaray, Malina"]
[Result "1/2-1/2"]
[WhiteElo "2053"]
[BlackElo "2245"]
[PlyCount "31"]
[EventDate "1999.05.19"]

1. e4 d5 2. exd5 Nf6 3. c4 c6 4. d4 cxd5 5. Nc3 g6 6. Qb3 Bg7 7. cxd5 O-O 8. g3
b6 9. Bg2 Bb7 10. Nge2 h6 11. O-O Qd7 12. Nf4 Rd8 13. Bh3 Qe8 14. Bg2 Qd7 15.
Bh3 Qe8 16. Bg2 1/2-1/2

[Event "Torneo Zonale femminile"]
[Site "Saint Vincent - Chatillon ITA"]
[Date "1999.05.19"]
[Round "1"]
[White "Sirletti, Sonia"]
[Black "Vilar Lopez, Monica"]
[Result "1/2-1/2"]
[WhiteElo "1795"]
[BlackElo "2175"]
[PlyCount "37"]
[EventDate "1999.05.19"]

1. d4 Nf6 2. c4 e6 3. Nc3 Bb4 4. f3 d5 5. cxd5 exd5 6. e3 O-O 7. Bd3 c5 8. a3
Bxc3+ 9. bxc3 Nc6 10. Ne2 Re8 11. O-O c4 12. Bc2 b5 13. Ng3 Rb8 14. h3 Qc7 15.
Ne2 a5 16. e4 dxe4 17. Bf4 Qb6 18. Bxb8 exf3 19. Rxf3 1/2-1/2

[Event "Torneo Zonale femminile"]
[Site "Saint Vincent - Chatillon ITA"]
[Date "1999.05.19"]
[Round "1"]
[White "Sziva, Erika"]
[Black "Calzetta Ruiz, Monica"]
[Result "1-0"]
[WhiteElo "2332"]
[BlackElo "2158"]
[PlyCount "67"]
[EventDate "1999.05.19"]

1. e4 c5 2. Nf3 d6 3. d4 cxd4 4. Nxd4 Nf6 5. Nc3 g6 6. Be2 Bg7 7. O-O O-O 8.
Nb3 Nc6 9. Bg5 a6 10. f4 b5 11. Bf3 Bb7 12. Kh1 Nd7 13. Rb1 Rc8 14. Nd5 f6 15.
Bh4 e6 16. Ne3 g5 17. Qxd6 gxh4 18. Qxe6+ Kh8 19. Rbd1 Ncb8 20. Qg4 Rg8 21. Nd4
f5 22. Qxf5 Qb6 23. e5 Rcf8 24. Qe6 Bxf3 25. Rxf3 Qa5 26. Ndf5 Nc5 27. Qe7 Ne4
28. Nxg7 Nc6 29. Qb7 Nxe5 30. Qxe4 Nxf3 31. Ne6 Rf6 32. gxf3 Qxa2 33. b3 Qb2
34. Ng5 1-0

[Event "Torneo Zonale femminile"]
[Site "Saint Vincent - Chatillon ITA"]
[Date "1999.05.20"]
[Round "2"]
[White "Agosto, Erika"]
[Black "Bosboom-Lanchava, Tea"]
[Result "0-1"]
[WhiteElo "2024"]
[BlackElo "2261"]
[PlyCount "72"]
[EventDate "1999.05.19"]

1. e4 d6 2. d4 g6 3. Nc3 Bg7 4. Nf3 Nf6 5. Be2 O-O 6. O-O c6 7. a4 Nbd7 8. Bf4
Qa5 9. Qd2 e5 10. dxe5 dxe5 11. Bg5 Re8 12. Rfd1 Qb4 13. Bd3 a5 14. Bxf6 Bxf6
15. Re1 Nc5 16. Bf1 Bg4 17. Qe3 Kg7 18. h3 Bxf3 19. Qxf3 Rad8 20. Qe3 h6 21.
Na2 Qd4 22. Qxd4 exd4 23. f3 d3 24. cxd3 Bxb2 25. Rab1 Nxa4 26. Nc1 Bc3 27. Nb3
Bxe1 28. Rxe1 b6 29. Ra1 Nb2 30. Nc1 Rd4 31. Rb1 Na4 32. Na2 b5 33. f4 b4 34.
Nc1 Nc5 35. Nb3 Nxb3 36. Rxb3 a4 0-1

[Event "Torneo Zonale femminile"]
[Site "Saint Vincent - Chatillon ITA"]
[Date "1999.05.20"]
[Round "2"]
[White "Berend, Elvira S."]
[Black "Carvalho, Alda"]
[Result "1/2-1/2"]
[WhiteElo "2340"]
[BlackElo "2104"]
[PlyCount "37"]
[EventDate "1999.05.19"]

1. e4 e5 2. Nf3 d6 3. d4 exd4 4. Nxd4 Nf6 5. Nc3 Be7 6. Be2 O-O 7. O-O a6 8. a4
c5 9. Nf3 Be6 10. Ng5 Nc6 11. f4 Nd4 12. Kh1 Nxe2 13. Qxe2 h6 14. Nxe6 fxe6 15.
f5 Qd7 16. Bd2 Rae8 17. Qd3 Bd8 18. Rae1 Rf7 19. Bf4 1/2-1/2

[Event "Torneo Zonale femminile"]
[Site "Saint Vincent - Chatillon ITA"]
[Date "1999.05.20"]
[Round "2"]
[White "Calzetta Ruiz, Monica"]
[Black "Fittante, Giuliana"]
[Result "1-0"]
[WhiteElo "2158"]
[BlackElo "2059"]
[PlyCount "55"]
[EventDate "1999.05.19"]

1. e4 Nf6 2. e5 Nd5 3. d4 d6 4. c4 Nb6 5. f4 dxe5 6. fxe5 c5 7. d5 g6 8. Nf3
Bg7 9. Bd3 O-O 10. O-O Bg4 11. Bf4 N8d7 12. Qe1 Qb8 13. Nbd2 e6 14. Qg3 Bxf3
15. Nxf3 Qe8 16. dxe6 Qxe6 17. Ng5 Qe8 18. Rae1 h6 19. Nxf7 Qxf7 20. e6 Qf6 21.
exd7 Qd4+ 22. Kh1 g5 23. Bd6 Rxf1+ 24. Rxf1 Nxd7 25. h3 Ne5 26. Bxe5 Bxe5 27.
Qf3 Qf4 28. Qd5+ 1-0

[Event "Torneo Zonale femminile"]
[Site "Saint Vincent - Chatillon ITA"]
[Date "1999.05.20"]
[Round "2"]
[White "Garcia Vicente, Nieves"]
[Black "Lauterbach, Ingrid"]
[Result "1/2-1/2"]
[WhiteElo "2263"]
[BlackElo "2171"]
[PlyCount "86"]
[EventDate "1999.05.19"]

1. d4 d5 2. c4 c6 3. Nf3 Nf6 4. Nc3 dxc4 5. a4 a5 6. e3 Bg4 7. Bxc4 e6 8. Qb3
Bb4 9. Ne5 Bf5 10. O-O Nbd7 11. Rd1 Nxe5 12. dxe5 Nd7 13. Nb5 O-O 14. Nd4 Nc5
15. Qa2 Bc2 16. Rf1 Bd3 17. Bxd3 Nxd3 18. f4 Nxc1 19. Raxc1 Bd2 20. Qb3 Qd5 21.
Rcd1 Qxb3 22. Nxb3 Bxe3+ 23. Kh1 b5 24. axb5 cxb5 25. Rd3 Bb6 26. Rd6 Rab8 27.
g3 Rfd8 28. Rfd1 a4 29. Nc1 Kf8 30. Na2 Bc7 31. Rxd8+ Bxd8 32. Nc3 Ba5 33. Ne4
Bb4 34. Rd4 a3 35. bxa3 Bxa3 36. Nd2 Bc5 37. Rd7 Ke8 38. Rc7 Bb6 39. Rc2 f6 40.
exf6 gxf6 41. Kg2 Ke7 42. Kf3 f5 43. Ke2 Kd6 1/2-1/2

[Event "Torneo Zonale femminile"]
[Site "Saint Vincent - Chatillon ITA"]
[Date "1999.05.20"]
[Round "2"]
[White "Jap Tjoen San, Linda"]
[Black "Sziva, Erika"]
[Result "0-1"]
[WhiteElo "2233"]
[BlackElo "2332"]
[PlyCount "108"]
[EventDate "1999.05.19"]

1. e4 g6 2. d4 Bg7 3. Nc3 c6 4. Bc4 d6 5. Qf3 e6 6. Nge2 Nd7 7. O-O Ngf6 8. Bb3
O-O 9. Bg5 Qc7 10. Rad1 a6 11. h3 b5 12. a3 Bb7 13. Qg3 c5 14. dxc5 Nxc5 15.
Bxf6 Bxf6 16. Qxd6 Qxd6 17. Rxd6 Be5 18. Rdd1 Nxe4 19. Nxe4 Bxe4 20. c3 Rfd8
21. Nd4 Bf6 22. Rfe1 Bd5 23. Bxd5 Rxd5 24. Nc2 Rad8 25. Ne3 Rd2 26. Rxd2 Rxd2
27. Rb1 Bg5 28. Ng4 f5 29. Ne5 Bf6 30. Nf3 Rd5 31. Kf1 e5 32. Ke2 Kf7 33. g3
Ke6 34. h4 h6 35. Rc1 e4 36. Nd2 g5 37. h5 Be5 38. c4 Rc5 39. b4 Rc7 40. Rc2
bxc4 41. Nxc4 f4 42. g4 Rc6 43. a4 Kd5 44. Na3 Rxc2+ 45. Nxc2 Kc4 46. b5 a5 47.
b6 Kb3 48. Ne1 Kxa4 49. f3 Kb5 50. fxe4 Kxb6 51. Nf3 Bg7 52. Kd3 Kc5 53. Kd2 a4
54. Kc2 Kc4 0-1

[Event "Torneo Zonale femminile"]
[Site "Saint Vincent - Chatillon ITA"]
[Date "1999.05.20"]
[Round "2"]
[White "Milligan Scott, Helen"]
[Black "Houska, Jovanka"]
[Result "1/2-1/2"]
[WhiteElo "2054"]
[BlackElo "2286"]
[PlyCount "80"]
[EventDate "1999.05.19"]

1. d4 d5 2. Nf3 c6 3. e3 Bf5 4. c4 Nf6 5. Qb3 Qc7 6. Nc3 e6 7. Bd2 Nbd7 8. cxd5
exd5 9. Be2 Bd6 10. Rc1 Qb6 11. Qxb6 axb6 12. Nh4 Bg6 13. Nxg6 hxg6 14. h3 b5
15. a3 Nb6 16. O-O O-O 17. Rfd1 Rfd8 18. Bd3 Na4 19. Nxa4 Rxa4 20. Bc2 Raa8 21.
Bb3 Ne4 22. Be1 f5 23. f3 Nf6 24. Kf2 Kf7 25. Bd2 g5 26. g4 Rh8 27. Rh1 g6 28.
Rcg1 fxg4 29. hxg4 Bh2 30. Rd1 Kg7 31. Kg2 Bd6 32. Rxh8 Rxh8 33. Rh1 Re8 34.
Kf2 Rf8 35. Ke2 b6 36. Bc3 Re8 37. Kd3 Bg3 38. Be1 Bd6 39. Bc3 Bg3 40. Be1 Bd6
1/2-1/2

[Event "Torneo Zonale femminile"]
[Site "Saint Vincent - Chatillon ITA"]
[Date "1999.05.20"]
[Round "2"]
[White "Nepeina Leconte, Maria"]
[Black "Sebag, Marie"]
[Result "1/2-1/2"]
[WhiteElo "2315"]
[BlackElo "2053"]
[PlyCount "74"]
[EventDate "1999.05.19"]

1. e4 c5 2. Nf3 Nc6 3. d4 cxd4 4. Nxd4 Nf6 5. Nc3 e5 6. Ndb5 d6 7. Bg5 a6 8.
Na3 b5 9. Bxf6 gxf6 10. Nd5 Bg7 11. c3 f5 12. exf5 Bxf5 13. Nc2 O-O 14. Nce3
Be6 15. g3 f5 16. Bh3 Ne7 17. Nxe7+ Qxe7 18. Bxf5 Bxf5 19. Nxf5 Qb7 20. Qd5+
Qxd5 21. Ne7+ Kf7 22. Nxd5 Rac8 23. O-O Ke6 24. Rad1 Rc5 25. Nb4 a5 26. Nd3 Rc4
27. Rfe1 Kf5 28. Nc1 Rf6 29. Nb3 Ra4 30. Rd5 Rxa2 31. Rxb5 a4 32. Nd4+ Kg6 33.
Nc2 d5 34. Re2 Rd6 35. Nb4 Ra1+ 36. Kg2 Rd1 37. Nc2 d4 1/2-1/2

[Event "Torneo Zonale femminile"]
[Site "Saint Vincent - Chatillon ITA"]
[Date "1999.05.20"]
[Round "2"]
[White "Nicoara Etchegaray, Malina"]
[Black "Sirletti, Sonia"]
[Result "1-0"]
[WhiteElo "2245"]
[BlackElo "1795"]
[PlyCount "75"]
[EventDate "1999.05.19"]

1. d4 Nf6 2. c4 g6 3. Nc3 Bg7 4. e4 d6 5. f3 a6 6. Be3 Nc6 7. Nge2 Rb8 8. Qd2
Nd7 9. Rb1 b5 10. cxb5 axb5 11. d5 Nce5 12. Nd4 Nb6 13. Bxb5+ Bd7 14. Qe2 Bxb5
15. Qxb5+ Qd7 16. Ke2 O-O 17. Qxd7 Nbxd7 18. b3 Rfc8 19. Rhc1 Nc5 20. f4 Ned3
21. Nc6 Nxc1+ 22. Rxc1 Kf8 23. Nxb8 Rxb8 24. Bxc5 dxc5 25. Na4 Ke8 26. Rxc5 Kd8
27. Kd3 Bf8 28. Rc4 e6 29. dxe6 fxe6 30. e5 Bh6 31. Nc5 Ke7 32. h4 Bf8 33. b4
Rb6 34. Rd4 Ke8 35. Kc4 h6 36. a4 g5 37. a5 Rc6 38. Kb5 1-0